Zgadnij kraj po mieście - Statystyki

Ogólne statystyki
  • Ten quiz został rozwiązany 39 razy
  • Średni wynik to 14 z 15
Statystyki odpowiedzi
Miasto Kraj % Poprawnych
Sydney Australia
100%
Kioto Japonia
100%
Lublin Polska
100%
Nowy Jork Stany Zjednoczone
100%
Rio De Janeiro Brazylia
97%
Szanghaj Chiny
97%
Toronto Kanada
97%
Monachium Niemcy
97%
Goteborg Szwecja
97%
Graz Austria
95%
Bombaj Indie
95%
Bilbao Hiszpania
89%
Bodo Norwegia
70%
Saint Denis Francja
62%
Kolombo Sri Lanka
57%
Nie znaleziono quizów pasujących do podanych kryteriów
Rozkład punktacji
Procent ludzi z każdym wynikiem
Percentyl według liczby udzielonych odpowiedzi
Twoja historia wyników
Nie rozwiązałeś tego quizu